| 000 | 00481nam a22001937a 4500 | ||
|---|---|---|---|
| 003 | NUST - PNEC | ||
| 005 | 20170116180858.0 | ||
| 008 | 150831b xxu||||| |||| 00| 0 eng d | ||
| 020 | _a0070296227 | ||
| 020 | _a0071005013 | ||
| 040 | _cLIBRARY | ||
| 082 | _a620.0028 HOL | ||
| 100 |
_96121 _aHolman, J. P. |
||
| 245 |
_aExperimental methods for engineers _cJ.P. Holman |
||
| 250 | _aFifth Edition | ||
| 260 | _cc.1989 | ||
| 650 |
_96122 _aEngineering _xME |
||
| 942 |
_2ddc _cBK |
||
| 999 |
_c64867 _d64867 |
||